Normal view
MARC view
Entry Personal Name
001 - CONTROL NUMBER
- control field: 762576
003 - CONTROL NUMBER IDENTIFIER
- control field: OSt
005 - DATE AND TIME OF LATEST TRANSACTION
- control field: 20250508152843.0
008 - FIXED-LENGTH DATA ELEMENTS
- fixed length control field: 250508|| aca||aabn | a|a d
040 ## - CATALOGING SOURCE
- Original cataloging agency: OSt
- Transcribing agency: OSt
100 ## - HEADING--PERSONAL NAME
- Personal name: Handa Raj Kumari
670 ## - SOURCE DATA FOUND
- Source citation: Work cat.: (OSt)1339206: Handa Raj Kumari, Choice of courses and subsequent progress of students in multi-purpose schools of Himachal Pradesh, 1962
